APEC Schools

Droll Stories — Volume 1 / (Record no. 4068)

000 -LEADER
fixed length control field 01141cam a22002653a 4500
005 - DATE AND TIME OF LATEST TRANSACTION
control field 20180427071342.0
008 - FIXED-LENGTH DATA ELEMENTS--GENERAL INFORMATION
fixed length control field 040823s2004||||xxu|||||s|||||000 1 eng d
040 ## - CATALOGING SOURCE
Transcribing Agency APEC Schools Library
Description Conventions rda
041 ## - LANGUAGE CODE
Language code of text/sound track or separate title eng
100 1# - CREATOR
Preferred Name of the Person Balzac, Honoré de,
Dates Associated with the Person 1799-1850
245 10 - TITLE AND STATEMENT OF RESPONSIBILITY
Preferred Title Proper Droll Stories — Volume 1 /
Statement of Responsibility/Parallel Statement of Responsibility Honoré de Balzac
336 ## - RDA CONTENT
Source rdacontent
Content Type text
337 ## - RDA MEDIA
Source rdamedia
Media Type computer
338 ## - RDA CARRIER
Source rdacarrier
Carrier Type online resource
500 ## - GENERAL NOTE
Note on Title/Statement of Responsibility/Edition/Publication/Copyright Translation of: Les contes drôlatiques See also: Vol 2: #2318, Vol 3: #2551, and the complete work #13260
505 0# - CONTENTS
Related Work = Contents The fair Imperia -- The venial sin -- The king's sweetheart -- The devil's heir -- The merrie jests of King Louis the Eleventh -- The high constable's wife -- The maid of Thilouse -- The brothers-in-arms -- The vicar of Azay-le-Rideau -- The reproach.
506 ## - RESTRICTIONS ON ACCESS NOTE
Restriction on Access Note Public domain in the USA.
516 ## - TYPE OF COMPUTER FILE OR DATA NOTE
Type of computer file or data note Text
653 ## - INDEX TERM--UNCONTROLLED
Uncontrolled term Humorous stories
653 ## - INDEX TERM--UNCONTROLLED
Uncontrolled term Short stories, French -- Translations into English
653 ## - INDEX TERM--UNCONTROLLED
Uncontrolled term France -- Social life and customs -- Fiction
653 ## - INDEX TERM--UNCONTROLLED
Uncontrolled term French literature -- 19th century
655 ## - GENRE
Genre/form data or focus term electronic books
856 40 - ELECTRONIC LOCATION AND ACCESS
Uniform Resource Identifier https://goo.gl/v4YhqU
942 ## - ADDED ENTRY ELEMENTS (KOHA)
Source of Classification
Koha Item Type E-book/Online Resources
Holdings
Status Library Full Classification Number Uniform Resource Identifier Koha Item Type
Available Online APEC Chain of Schools Library APEC Chain https://tinyurl.com/2dhq6obz E-book/Online Resources

Powered by Koha